000 00829nam a22002297a 4500
999 _c7539
_d7539
003 AR-CdUCM
008 190320b ||||| |||| 00| 0 spa d
040 _aMUNICIPALIDAD PROVINCIAL DEL CUSCO
_cBIBLIOTECA MUNICIPAL DEL CUSCO
041 _hger
082 _a629.2 /
_bSP76
100 _aSpoerl, Alexandre
_921279
245 _aEl libro del auto /
260 _aBarcelona :
_bEdiciones Daimon,
_c1965.
300 _a271 páginas ;
_bilustraciones,
_c18 cm.
505 _aContenido: La compra del automóvil -- Los primeros kilómetros -- El coche rueda -- Con el volante en las manos -- La triste historia -- Lo inevitable ...
650 _aAutomóviles
_921127
650 _aDisciplina
_98638
650 _aCombustible
_921280
700 _aFontanilla, José A. (traducción)
_921281
942 _2ddc
_cLIBROS
945 _aachl